000 00706nam a2200265Ia 4500
003 OSt
005 20221005093615.0
006 a|||||r|||| 00| 0
007 ta
008 221004b |||||||| |||| 00| 0 eng d
024 _a18206
037 _cTextual
040 _aCRL
_cCRL
_beng
041 _2eng
_aeng
082 _aP142, 111(N9)
100 _aBurnip J
_9618601
245 0 _aRussian phrase book
260 _aNot printed
_bNot Printed
_c1999
300 _a180 p.
_ccm.
490 _aTeach Yourself Books edited by Leonard Cutts
650 _a LINGUISTICS
650 _aRUSSIAN LANGUAGE
942 _hP142, 111(N9)
_cTEXL
_2cc
999 _c1000707
_d1000707